000 01991cam a22005774i 4500
003 PE-LiUPU
005 20250731170416.0
008 150623s1981 bl a r 000 0 por d
020 _a8528901270
020 _a9788528901276
035 _a(Sirsi) i9788528901276
040 _aPE-LiUPU
_bspa
_cPE-LiUPU
_dPE-LiUPU
_erda
049 _aPRUA
082 0 4 _a137.7
_bW48
_221
100 1 _aWest, Peter,
_eautor.
245 1 0 _aGrafología :
_bentenda o que a caligrafía revela cómo determinar o caracter e seau potencial pela escrita /
_cPeter West.
264 1 _aSao Paulo, SP :
_bHemus,
_c1981.
300 _a94 páginas :
_bilustraciones ;
_c21 centímetros
336 _atext
_2rdacontent
337 _aunmediated
_2rdamedia
338 _avolume
_2rdacarrier
505 0 _aRequisitos para analices - a regra de ouro -- A visao geral -- Tamanho, formo e ligacoes -- Direcao: inclinacao da escrita -- As zonas -- Letras maiúsculas -- Pressao e velocidade: indicadores de sáude e humor -- Letras reveladoras.
526 _aSEG68
526 _aSEG70
526 _aSEG69
526 _aSEG67
526 _aSEG43
526 _aP144
526 _aP143
526 _aP131
526 _aP122
526 _aP120
526 _aP117
526 _aP112
526 _aP110
526 _aP106
526 _aP101
526 _aP80
526 _aP59
526 _aP54
526 _aP35
526 _aP33
526 _aP30
650 0 4 _aGrafología.
942 _2ddc
_cBOOK
949 _a137.7 W48
_wDEWEY
_c1
_i46119
_d2016-4-1
_e2016-3-29
_lCCODEBUL1
_mBUL
_n1
_r0
_sY
_tBOOK
_u2015-6-24
_xSALUD
_zUNKNOWN
_0COMPRA
_o.STAFF. Colección Ciencias de la Salud
994 _aC0
_bPEPRU
596 _a1
999 _a137.7 W48
_wDEWEY
_c22898
_i46119
_d22898
_e2016-3-29
_f2021-11-3
_g5
_lCCODEBUL1
_mBUL
_n1
_p15.00
_r0
_sY
_tBOOK
_u2015-6-24
_xSALUD
_zUNKNOWN
_0COMPRA
_o.STAFF. Colección Ciencias de la Salud
980 _81
_gALBERTO SANCHEZ Responsable de Automatización